| 000 | 00930 a2200157 4500 | ||
|---|---|---|---|
| 003 | Nust | ||
| 005 | 20221205100252.0 | ||
| 040 | _cNust | ||
| 082 | _a150.9,BEN | ||
| 100 |
_aBenjafield .John.G _9104071 |
||
| 245 |
_aA history of Psychology / _cJohn G. Benjafield |
||
| 260 |
_aIslamabad _bNational Book Foundation |
||
| 300 | _axiv,390 p.; | ||
| 505 | _aTouchstones: The Origins of Psychology Thoughts (Page-1), Touchstones From Descartes to Darwin (Page-23), Nineteenth Century Pioneers Overview (Page-49), Wundt and His Contemporaries (Page-69), William James (1842-1910) (Page-83), Freud and Jung(Page-95), Structure (Page-121), Behaviorism (Page-147), Gestalts Psychology (Page-171), Research Methods (Page-195), Theories of Learning (Page-209), The Development Points of View (Page-235), Humanistic Psychology (Page-265), Cognitive Psychology (Page-289), The Future of Psychology (Page-315). | ||
| 942 |
_2ddc _cBK _k150.9,BEN |
||
| 999 |
_c176917 _d176917 |
||